[Event "Skien-ch U20"]
[Site "Skien"]
[Date "2019.11.08"]
[Round "2"]
[White "Borlaug, Jonas Kleppe"]
[Black "Kvaloy, Aksel Bu"]
[Result "0-1"]
[WhiteElo "1455"]
[BlackElo "2209"]
[PlyCount "38"]
[EventDate "2019.11.08"]
[EventType "swiss"]
[EventRounds "7"]
[EventCountry "NOR"]
[SourceTitle "CBM 193 Extra"]
[Source "ChessBase"]
[SourceDate "2020.01.31"]
[SourceVersion "1"]
[SourceVersionDate "2020.01.31"]
[SourceQuality "1"]

1. e4 c5 2. Nf3 d6 3. c3 Nf6 4. Qc2 g6 5. d4 cxd4 6. cxd4 Bg4 7. Be2 Nc6 8. d5 Bxf3 9. Bxf3 Ne5 10. Be2 Bg7 11. Bf4 Nfd7 12. Nc3 0-0 13. 0-0 Rc8 14. Qd2 Nb6 15. Bxe5 Bxe5 16. f4 Bg7 17. f5 Nc4 18. Bxc4 Rxc4 19. Qe3 Bd4 0-1

[Event "Straume Bronstein Cup A"]
[Site "Straume"]
[Date "2019.10.27"]
[Round "2"]
[White "Borlaug, Jonas Kleppe"]
[Black "Jeyachandran, Thirukkumaran"]
[Result "0-1"]
[WhiteElo "1391"]
[BlackElo "1525"]
[PlyCount "130"]
[EventDate "2019.10.27"]
[EventType "swiss (rapid)"]
[EventRounds "6"]
[EventCountry "NOR"]
[SourceTitle "EXT 2024"]
[Source "ChessBase"]
[SourceDate "2023.10.10"]
[SourceVersion "1"]
[SourceVersionDate "2023.10.10"]
[SourceQuality "1"]

1. e4 e5 2. Nf3 Nc6 3. Bc4 Bc5 4. c3 d6 5. d3 h6 6. Be3 Bb6 7. Nbd2 Nf6 8. 0-0 0-0 9. h3 Be6 10. Bb5 Ne7 11. Ba4 Ng6 12. Bc2 Qd7 13. Kh2 Nh5 14. Nxe5 dxe5 15. Qxh5 Qb5 16. Nb3 a5 17. Rab1 a4 18. Nd2 Bxa2 19. c4 Qb4 20. Rbc1 Bxe3 21. fxe3 Qxd2 22. d4 Qxe3 23. dxe5 Bxc4 24. Rfe1 Qf4+ 25. Kh1 Be6 26. Rf1 Qg3 27. Qe2 Qxe5 28. Rf3 Qg5 29. Rcf1 Rad8 30. Qe1 Nh4 31. Rg3 Qe5 32. Qe3 Ng6 33. Bd1 Rd4 34. Bf3 Qxg3 35. Qxd4 Nf4 36. Qxa4 Rd8 37. Qc2 c6 38. e5 Rd3 39. Ra1 g6 40. Be4 Re3 41. Ra8+ Kg7 42. Ra1 Re2 43. Qc3 Qf2 44. Bf3 Bxh3 45. e6+ f6 46. Rg1 Bxg2+ 47. Bxg2 Qh4+ 48. Bh3 Nxh3 49. Rxg6+ Kxg6 50. Qd3+ Qe4+ 51. Qxe4+ Rxe4 52. Kg2 Nf4+ 53. Kf3 Rxe6 54. Kxf4 Re2 55. b4 Rc2 56. b5 cxb5 57. Ke4 Rc4+ 58. Kd3 Kf5 59. Kd2 Ke4 60. Kd1 Kd3 61. Ke1 Rc2 62. Kd1 b4 63. Ke1 Ke3 64. Kf1 b3 65. Ke1 Rc1# 0-1

[Event "Straume Bronstein Cup A"]
[Site "Straume"]
[Date "2019.10.27"]
[Round "1"]
[White "Nordnes, Tor Gunnar"]
[Black "Borlaug, Jonas Kleppe"]
[Result "1/2-1/2"]
[WhiteElo "1755"]
[BlackElo "1391"]
[PlyCount "135"]
[EventDate "2019.10.27"]
[EventType "swiss (rapid)"]
[EventRounds "6"]
[EventCountry "NOR"]
[SourceTitle "EXT 2024"]
[Source "ChessBase"]
[SourceDate "2023.10.10"]
[SourceVersion "1"]
[SourceVersionDate "2023.10.10"]
[SourceQuality "1"]

1. c4 Nf6 2. Nc3 e6 3. g3 c6 4. Bg2 d5 5. cxd5 exd5 6. d4 Be7 7. Nf3 0-0 8. 0-0 Bf5 9. Nh4 Be6 10. Qb3 Qb6 11. Qxb6 axb6 12. e4 dxe4 13. Nxe4 Nxe4 14. Bxe4 Nd7 15. Nf5 Bf6 16. Be3 Rxa2 17. Rxa2 Bxa2 18. Ra1 Bc4 19. Nd6 Ba6 20. b4 Be7 21. b5 Bxd6 22. bxa6 bxa6 23. Rxa6 Rc8 24. Bf5 Rd8 25. Bxd7 Rxd7 26. Rxb6 Rc7 27. Rb8+ Bf8 28. Bf4 Rd7 29. Bc1 f6 30. Ba3 Rf7 31. Rc8 g6 32. Bxf8 Rxf8 33. Rxc6 Rd8 34. Rc4 Kf7 35. Kf1 Ke6 36. Ke2 Kd5 37. Kd3 Re8 38. Rc7 Ra8 39. Rd7+ Ke6 40. Rxh7 Ra3+ 41. Ke4 f5+ 42. Kf4 Kf6 43. h4 Rd3 44. Rd7 Ke6 45. Ra7 Rxd4+ 46. Kg5 Rg4+ 47. Kh6 Kf6 48. Rg7 f4 49. h5 fxg3 50. fxg3 gxh5 51. Rxg4 hxg4 52. Kh5 Kf5 53. Kh4 Kf6 54. Kxg4 Kg6 55. Kf4 Kf6 56. g4 Kg6 57. g5 Kg7 58. Kf5 Kf7 59. g6+ Kg8 60. Kf6 Kf8 61. Kg5 Kg8 62. Kh6 Kh8 63. Kh5 Kg8 64. Kg5 Kg7 65. Kf5 Kg8 66. Kf6 Kf8 67. g7+ Kg8 68. Kg6 1/2-1/2

[Event "Masfjorden Grand Prix"]
[Site "Sandnes"]
[Date "2019.02.16"]
[Round "3"]
[White "Kjelby, Sondre"]
[Black "Borlaug, Jonas Kleppe"]
[Result "1-0"]
[WhiteElo "1060"]
[BlackElo "1339"]
[PlyCount "73"]
[EventDate "2019.02.15"]
[EventType "swiss"]
[EventRounds "5"]
[EventCountry "NOR"]
[SourceTitle "EXT 2024"]
[Source "ChessBase"]
[SourceDate "2023.10.10"]
[SourceVersion "1"]
[SourceVersionDate "2023.10.10"]
[SourceQuality "1"]

1. e4 e5 2. Nf3 Nc6 3. d4 exd4 4. Nxd4 Bc5 5. c3 d5 6. Nxc6 bxc6 7. exd5 cxd5 8. Bb5+ Bd7 9. Qxd5 Bxb5 10. Qxc5 Qe7+ 11. Be3 Qxc5 12. Bxc5 Nf6 13. Nd2 Kd7 14. 0-0-0 Kc6 15. Bd4 Rag8 16. h3 Nh5 17. g3 Nf6 18. c4 Ba6 19. b3 Rd8 20. Bxf6 gxf6 21. Ne4 f5 22. Rxd8 Rxd8 23. Ng5 Re8 24. Kd2 Bb7 25. Nxf7 Re7 26. Nd8+ Kb6 27. Nxb7 Kxb7 28. Re1 Rf7 29. Re3 f4 30. Rf3 Rd7+ 31. Rd3 Rf7 32. g4 Kb6 33. Rd5 c6 34. Rf5 Rd7+ 35. Ke1 Rd4 36. Ke2 a6 37. Rf7 1-0

[Event "Hordaland-ch NGP"]
[Site "Bergen"]
[Date "2018.06.10"]
[Round "5"]
[White "Johannessen, Theo N"]
[Black "Borlaug, Jonas Kleppe"]
[Result "0-1"]
[WhiteElo "1263"]
[BlackElo "1212"]
[PlyCount "46"]
[EventDate "2018.04.23"]
[EventType "swiss"]
[EventRounds "6"]
[EventCountry "NOR"]
[SourceTitle "EXT 2024"]
[Source "ChessBase"]
[SourceDate "2023.10.10"]
[SourceVersion "1"]
[SourceVersionDate "2023.10.10"]
[SourceQuality "1"]

1. e4 e5 2. Nf3 Nc6 3. Bc4 Bc5 4. 0-0 Nf6 5. d4 Nxd4 6. Nxe5 d5 7. exd5 0-0 8. Be3 b5 9. Bxd4 Bxd4 10. Qxd4 bxc4 11. Nc3 Ba6 12. Rfd1 Qd6 13. Nxc4 Bxc4 14. Qxc4 a6 15. Ne4 Nxe4 16. Qxe4 Rab8 17. b3 Rfd8 18. c4 c6 19. h3 cxd5 20. Qxd5 Qf6 21. Qa5 Re8 22. Rac1 Re2 23. Rd2 Qxf2+ 0-1

[Event "Hordaland-ch NGP"]
[Site "Bergen"]
[Date "2018.06.09"]
[Round "4"]
[White "Borlaug, Jonas Kleppe"]
[Black "Schick, Matheo"]
[Result "1-0"]
[WhiteElo "1212"]
[BlackElo "1383"]
[PlyCount "112"]
[EventDate "2018.04.23"]
[EventType "swiss"]
[EventRounds "6"]
[EventCountry "NOR"]
[SourceTitle "EXT 2024"]
[Source "ChessBase"]
[SourceDate "2023.10.10"]
[SourceVersion "1"]
[SourceVersionDate "2023.10.10"]
[SourceQuality "1"]

1. e4 c5 2. Nf3 Nc6 3. Nc3 d6 4. Bc4 Nf6 5. h3 g6 6. d4 cxd4 7. Nxd4 Bg7 8. Be3 0-0 9. Qd2 Bd7 10. 0-0 Rc8 11. Bb3 Ne5 12. Qe2 a6 13. a4 Bc6 14. Nxc6 Nxc6 15. Rfd1 Qc7 16. Qf3 Ne5 17. Qe2 Nc4 18. Bxc4 Qxc4 19. Qxc4 Rxc4 20. Rd4 Rc6 21. Rb4 Rc7 22. Bb6 Rd7 23. Rd1 Rc8 24. e5 dxe5 25. Rxd7 Nxd7 26. Be3 Rc7 27. Nd5 Rxc2 28. Rxb7 Nc5 29. Rb8+ Bf8 30. Bh6 Ne6 31. Nxe7+ Kh8 32. Bxf8 Nxf8 33. Rxf8+ Kg7 34. Ra8 Rxb2 35. Rxa6 Rb7 36. Nc6 e4 37. Ra8 Rc7 38. Nd4 Rd7 39. Nb5 Rd1+ 40. Kh2 Rd2 41. Nc3 f5 42. Kg1 Rc2 43. Nd5 Rc1+ 44. Kh2 Rc2 45. Kg3 Rd2 46. Ne3 Kf6 47. h4 Rd3 48. a5 Ke5 49. Re8+ Kf6 50. a6 Rd7 51. Ra8 Ke5 52. Nc4+ Kd4 53. a7 h6 54. Ne5 Rxa7 55. Nc6+ Kd5 56. Rxa7 Kxc6 1-0

[Event "Liljevatnet BGP U10"]
[Site "Liljevatnet"]
[Date "2016.09.23"]
[Round "4"]
[White "Borlaug, Jonas Kleppe"]
[Black "Mansoor, Areeb"]
[Result "0-1"]
[WhiteElo "560"]
[BlackElo "543"]
[PlyCount "42"]
[EventDate "2016.09.23"]
[EventType "swiss"]
[EventRounds "5"]
[EventCountry "NOR"]
[SourceTitle "EXT 2024"]
[Source "ChessBase"]
[SourceDate "2023.10.10"]
[SourceVersion "1"]
[SourceVersionDate "2023.10.10"]
[SourceQuality "1"]

1. e4 e5 2. Nf3 Nc6 3. Nc3 Nf6 4. Bc4 Bc5 5. 0-0 d6 6. d3 0-0 7. Bg5 Bg4 8. h3 Bh5 9. Nd5 Nd4 10. g4 c6 11. Nxf6+ gxf6 12. Bh4 Bg6 13. Nxd4 Bxd4 14. c3 Bb6 15. Qd2 Kg7 16. g5 Qc8 17. gxf6+ Kh8 18. Qh6 Rg8 19. Kh1 Qxh3+ 20. Kg1 Bxe4+ 21. Bg3 Qg2# 0-1